Rozvoj komunikačných a manažérskych spôsobilostí podnikových manažérov diplomová práca

Salvato in:
Dettagli Bibliografici
Autore principale: Bačová, Ingrid
Ente Autore: Podnikovohospodárska fakulta EU so sídlom v Košiciach. Katedra manažmentu
Altri autori: Stankovič, Lýdia
Natura: Libro
Lingua:slovacco
Pubblicazione: Košice 2015
Tags: Aggiungi Tag
Nessun Tag, puoi essere il primo ad aggiungerne!!

MARC

LEADER 00000nbm a2200000 4500
001 0202125
005 20161212094335.7
041 0 |a slo 
044 |a SK 
245 1 0 |a Rozvoj komunikačných a manažérskych spôsobilostí podnikových manažérov  |b diplomová práca  |c Ingrid Bačová ; školiteľ: Lýdia Stankovič 
264 1 |a Košice  |c 2015 
300 |a 73 s. 
100 1 |a Bačová, Ingrid 
700 1 |a Stankovič, Lýdia 
710 2 |a Podnikovohospodárska fakulta EU so sídlom v Košiciach. Katedra manažmentu